000 00722nam a2200193Ia 4500
003 LDD
008 190117s9999 xx 000 0 und d
020 _a8185139296
_c₹700
040 _cLDD
041 _ahi
082 _a8H0.19 हि4916
100 _aअग्रवाल, गिरिराजशरण
245 0 _aहिन्दी साहित्यकार संदर्भ कोश
_cगिरिराजशरण अग्रवाल
260 _aबिजनौर
_bहिन्दी साहित्य निकेतन
_c2006
300 _aभाग-दो
901 _aHBC
904 _aReqst by : Smitha
942 _2ddc
_cH
999 _c154053
_d154053